Proces internacionalizácie na Ekonomickej univerzite v Bratislave

Príspevok sa venuje problematike internacionalizácie v slovenskom univerzitnom prostredí s ekonomickým zameraním. Prináša informáciu o zahraničných kontaktoch Ekonomickej univerzity v Bratislave, o výsledkoch rozvoja jej medzinárodnej spolupráce, ale i reakciách tejto výskumno-vzdelávacej inštitúcie...

Descrizione completa

Salvato in:
Dettagli Bibliografici
Autore principale: Rizeková, Iveta, 1961-
Natura: Capitolo di libro
Lingua:slovacco
Soggetti:
Tags: Aggiungi Tag
Nessun Tag, puoi essere il primo ad aggiungerne!!

MARC

LEADER 00000naa$a2200000$$$4500
001 0296474
005 20240502083954.2
041 0 |a slo 
044 |a CZ 
245 1 0 |a Proces internacionalizácie na Ekonomickej univerzite v Bratislave 
520 |a Príspevok sa venuje problematike internacionalizácie v slovenskom univerzitnom prostredí s ekonomickým zameraním. Prináša informáciu o zahraničných kontaktoch Ekonomickej univerzity v Bratislave, o výsledkoch rozvoja jej medzinárodnej spolupráce, ale i reakciách tejto výskumno-vzdelávacej inštitúcie na aktuálne výzvy súvisiace s meniacou sa spoločenskou klímou. Cieľom príspevku je priblížiť, ako sa univerzite darí implementovať stratégiu internacionalizácie v podmienkach svojho akademického prostredia. Článok sa zameriava zvlášť na medzinárodnú spoluprácu Fakulty aplikovaných jazykov s francúzskym prostredím. 
610 2 0 |a jazyky cudzie 
610 2 0 |a projekty medzinárodné 
610 2 0 |a univerzity 
610 2 0 |a spolupráca medzinárodná 
610 2 0 |a internacionalizácia 
610 2 0 |a vzdelávanie 
610 2 0 |a Slovensko 
610 2 0 |a Francúzsko 
100 1 |a Rizeková, Iveta, 1961-